12 Rules for Life (Record no. 137176)

MARC details
000 -LEADER
fixed length control field 00451nam a22001817a 4500
003 - CONTROL NUMBER IDENTIFIER
control field OSt
005 - DATE AND TIME OF LATEST TRANSACTION
control field 20250628150823.0
008 - FIXED-LENGTH DATA ELEMENTS--GENERAL INFORMATION
fixed length control field 250628b |||||||| |||| 00| 0 eng d
020 ## - INTERNATIONAL STANDARD BOOK NUMBER
International Standard Book Number 978-0-241-35164-2
040 ## - CATALOGING SOURCE
Transcribing agency SBCL
082 ## - DEWEY DECIMAL CLASSIFICATION NUMBER
Classification number 170.44
Item number PET-R
100 ## - MAIN ENTRY--PERSONAL NAME
Personal name Peterson,Jordan b
245 ## - TITLE STATEMENT
Title 12 Rules for Life
260 ## - PUBLICATION, DISTRIBUTION, ETC.
Place of publication, distribution, etc. UK
Name of publisher, distributor, etc. Penguin Random House
Date of publication, distribution, etc. 2018
300 ## - PHYSICAL DESCRIPTION
Extent 409p.
650 ## - SUBJECT ADDED ENTRY--TOPICAL TERM
Topical term or geographic name entry element Ethics
942 ## - ADDED ENTRY ELEMENTS (KOHA)
Koha item type BOOK
650 ## - SUBJECT ADDED ENTRY--TOPICAL TERM
Source of heading or term Philosophy & psychology
Holdings
Withdrawn status Lost status Source of classification or shelving scheme Damaged status Not for loan Home library Current library Date acquired Total Checkouts Full call number Barcode Shelving location Date last seen Cost, replacement price Price effective from Koha item type
    Dewey Decimal Classification     SB LIBRARY SB LIBRARY 28/06/2025   170.44 PET-R 142745 GENERAL STACK 28/06/2025 699.00 28/06/2025 BOOK

Powered by Koha